Candidatos Presidenciais do Brasil em 2022 - Statistics

Estatísticas Gerais
  • Esse quiz foi jogado 145 vezes
  • A pontuação média é 8 de 11
Estatísticas das Respostas
Candidato % Correto
Jair Bolsonaro (PL)
100%
Lula (PT)
100%
Simone Tebet (MDB)
93%
Ciro Gomes (PDT)
90%
Padre Kelmon (PTB)
84%
Soraya Thronicke (UNIÃO)
83%
Felipe D’Ávila (NOVO)
63%
Léo Péricles (UP)
52%
Constituinte Eymael (DC)
51%
Vera (PSTU)
48%
Sofia Manzano (PCB)
38%
Nenhum quiz correspondente encontrado
Distribuição das Pontuações
Porcentagem de Pessoas com Cada Pontuação
Percentil de Números Respondidos
Sua Pontuação Histórica
Você não jogou esse quiz